00508 2200181 4500001002100000005001700021008004100038020002200079035002900101090001800130100001300148245002600161250001700187260003400204300002600238650001800264990004400282INLIS00000000002157720140127112328.0  a978-979-769-398-5 a##a0010-011400000000256 a297.429 Gus p aGusfahmi aPajak Menurut Syariah aEdisi Revisi aJakartabRajawali Pressc2011 axxx + 272 hlm ; 24 cm aPajak Syariah a29130/Pusdacil/2014,29131/Pusdacil/2014